Normal view
MARC view
- القانون الجزائي -- أصول المحاكمات -- الأردن -- اجراءات المحاكم -- العقوبات
Entry Topical Term
001 - CONTROL NUMBER
- control field: 25117
003 - CONTROL NUMBER IDENTIFIER
- control field: JO-AjAnu
005 - DATE AND TIME OF LATEST TRANSACTION
- control field: 20230606074309.0
008 - FIXED-LENGTH DATA ELEMENTS
- fixed length control field: 230606|| aca||aabn | a|a d
040 ## - CATALOGING SOURCE
- Original cataloging agency: JO-AjAnu
- Transcribing agency: JO-AjAnu
150 ## - HEADING--TOPICAL TERM
- Topical term or geographic name entry element: القانون الجزائي -- أصول المحاكمات -- الأردن -- اجراءات المحاكم -- العقوبات
670 ## - SOURCE DATA FOUND
- Source citation: Work cat.: (JO-AjAnu)12920: نمور، محمد سعيد, author 25116, أصول الإجراءات الجزائية شرح لقانون أصول المحاكمات الجزائية